|
|
|
|
| LEADER |
00000nam0a2200000 4500 |
| 001 |
94470 |
| 005 |
20231101213942.0 |
| 035 |
|
|
|a (RuTPU)RU\TPU\book\101203
|
| 090 |
|
|
|a 94470
|
| 100 |
|
|
|a 20060411d1950 m y0rusy50 ca
|
| 101 |
0 |
|
|a rus
|
| 102 |
|
|
|a RU
|
| 105 |
|
|
|a a z 001zy
|
| 200 |
1 |
|
|a Структуры неорганических веществ
|f Б. Ф. Ормонт
|
| 210 |
|
|
|a Москва
|a Ленинград
|c Гостехиздат
|d 1950
|
| 215 |
|
|
|a 968 с.
|c ил.
|
| 320 |
|
|
|a Именной указатель: с. 943-945
|
| 320 |
|
|
|a Предметный указатель: с. 946-950
|
| 320 |
|
|
|a Указатель формул: с. 951-968
|
| 606 |
1 |
|
|a Неорганические вещества
|x Стереохимия
|2 stltpush
|3 (RuTPU)RU\TPU\subj\74882
|9 86834
|
| 610 |
1 |
|
|a структуры
|
| 610 |
1 |
|
|a континуум
|
| 610 |
1 |
|
|a дисконтинуум
|
| 610 |
1 |
|
|a кристаллохимия
|
| 610 |
1 |
|
|a неорганическая химия
|
| 610 |
1 |
|
|a неорганические вещества
|
| 610 |
1 |
|
|a галогениды
|
| 610 |
1 |
|
|a халькогениды
|
| 610 |
1 |
|
|a карбиды
|
| 610 |
1 |
|
|a силициды
|
| 610 |
1 |
|
|a бориды
|
| 610 |
1 |
|
|a сложные соединения
|
| 610 |
1 |
|
|a регистры
|
| 675 |
|
|
|a 546:544.1
|v 3
|
| 700 |
|
1 |
|a Ормонт
|b Б. Ф.
|
| 801 |
|
1 |
|a RU
|b 63413507
|c 20060411
|g PSBO
|
| 801 |
|
2 |
|a RU
|b 63413507
|c 20210531
|g PSBO
|
| 942 |
|
|
|c BK
|